Prevention of plagiarism and promotion of academic integrity in higher education institutions in India: (Record no. 506328)

000 -LEADER
fixed length control field 00451nam a2200145Ia 4500
008 - FIXED-LENGTH DATA ELEMENTS--GENERAL INFORMATION
fixed length control field 181130s2018 xx 000 0 und d
100 ## - MAIN ENTRY--PERSONAL NAME
Personal name Das, Asit Kumar
245 ## - TITLE STATEMENT
Title Prevention of plagiarism and promotion of academic integrity in higher education institutions in India:
Remainder of title a review of UGC draft regulation
260 ## - PUBLICATION, DISTRIBUTION, ETC.
Date of publication, distribution, etc. 2018
300 ## - PHYSICAL DESCRIPTION
Extent p.11-19.
504 ## - BIBLIOGRAPHY, ETC. NOTE
-- 28-May
650 ## - SUBJECT ADDED ENTRY--TOPICAL TERM
Topical term or geographic name entry element Plagiarism
773 ## - HOST ITEM ENTRY
Main entry heading University News
906 ## - LOCAL DATA ELEMENT F, LDF (RLIN)
a Plagiarism
Holdings
Withdrawn status Lost status Damaged status Not for loan Permanent Location Current Location Date acquired Serial Enumeration / chronology Barcode Date last seen Price effective from Koha item type
        Indian Institute of Public Administration Indian Institute of Public Administration 2018-12-07 56(22), 28-May, 2018: p.11-19. AR118123 2018-12-07 2018-12-07 Articles

Powered by Koha